Introduction to Turbulent Dynamical Systems in Complex Systems

This volume is a research expository article on the applied mathematics of turbulent dynamical systems through the paradigm of modern applied mathematics. It involves the blending of rigorous mathematical theory, qualitative and quantitative modeling, and novel numerical procedures driven by the goa...

Πλήρης περιγραφή

Λεπτομέρειες βιβλιογραφικής εγγραφής
Κύριος συγγραφέας: Majda, Andrew J. (Συγγραφέας)
Συγγραφή απο Οργανισμό/Αρχή: SpringerLink (Online service)
Μορφή: Ηλεκτρονική πηγή Ηλ. βιβλίο
Γλώσσα:English
Έκδοση: Cham : Springer International Publishing : Imprint: Springer, 2016.
Σειρά:Frontiers in Applied Dynamical Systems: Reviews and Tutorials,
Θέματα:
Διαθέσιμο Online:Full Text via HEAL-Link
LEADER 03406nam a22005175i 4500
001 978-3-319-32217-9
003 DE-He213
005 20160914180250.0
007 cr nn 008mamaa
008 160914s2016 gw | s |||| 0|eng d
020 |a 9783319322179  |9 978-3-319-32217-9 
024 7 |a 10.1007/978-3-319-32217-9  |2 doi 
040 |d GrThAP 
050 4 |a Q295 
072 7 |a PBW  |2 bicssc 
072 7 |a MAT003000  |2 bisacsh 
082 0 4 |a 519  |2 23 
100 1 |a Majda, Andrew J.  |e author. 
245 1 0 |a Introduction to Turbulent Dynamical Systems in Complex Systems  |h [electronic resource] /  |c by Andrew J. Majda. 
264 1 |a Cham :  |b Springer International Publishing :  |b Imprint: Springer,  |c 2016. 
300 |a XI, 91 p. 9 illus. in color.  |b online resource. 
336 |a text  |b txt  |2 rdacontent 
337 |a computer  |b c  |2 rdamedia 
338 |a online resource  |b cr  |2 rdacarrier 
347 |a text file  |b PDF  |2 rda 
490 1 |a Frontiers in Applied Dynamical Systems: Reviews and Tutorials,  |x 2364-4532 
505 0 |a Introduction -- Prototype Examples of Complex Turbulent Dynamical Systems -- The Mathematical Theory of Turbulent Dynamical Systems -- Statistical Prediction and UQ for Turbulent Dynamical Systems -- State Estimation, Data Assimilation, or Filtering for Complex Turbulent Dynamical Systems -- Finite Ensemble Kalman Filders (EnKF): Applied Practice, Mathematical Theory, and New Phenomena. 
520 |a This volume is a research expository article on the applied mathematics of turbulent dynamical systems through the paradigm of modern applied mathematics. It involves the blending of rigorous mathematical theory, qualitative and quantitative modeling, and novel numerical procedures driven by the goal of understanding physical phenomena which are of central importance to the field. The contents cover general framework, concrete examples, and instructive qualitative models. Accessible open problems are mentioned throughout. Topics covered include: · Geophysical flows with rotation, topography, deterministic and random forcing · New statistical energy principles for general turbulent dynamical systems, with applications · Linear statistical response theory combined with information theory to cope with model errors · Reduced low order models · Recent mathematical strategies for online data assimilation of turbulent dynamical systems as well as rigorous results for finite ensemble Kalman filters The volume will appeal to graduate students and researchers working mathematics, physics and engineering and particularly those in the climate, atmospheric and ocean sciences interested in turbulent dynamical as well as other complex systems. 
650 0 |a Mathematics. 
650 0 |a Geophysics. 
650 0 |a Dynamics. 
650 0 |a Ergodic theory. 
650 0 |a System theory. 
650 0 |a Fluids. 
650 1 4 |a Mathematics. 
650 2 4 |a Complex Systems. 
650 2 4 |a Dynamical Systems and Ergodic Theory. 
650 2 4 |a Geophysics/Geodesy. 
650 2 4 |a Fluid- and Aerodynamics. 
710 2 |a SpringerLink (Online service) 
773 0 |t Springer eBooks 
776 0 8 |i Printed edition:  |z 9783319322155 
830 0 |a Frontiers in Applied Dynamical Systems: Reviews and Tutorials,  |x 2364-4532 
856 4 0 |u http://dx.doi.org/10.1007/978-3-319-32217-9  |z Full Text via HEAL-Link 
912 |a ZDB-2-SMA 
950 |a Mathematics and Statistics (Springer-11649)